AH International Schools' Libraries

(KHMER) Kakey / (Record no. 49993)

MARC details
000 -LEADER
fixed length control field 00270nam a2200109 4500
020 ## - INTERNATIONAL STANDARD BOOK NUMBER
International Standard Book Number 9789996325014
100 ## - MAIN ENTRY--PERSONAL NAME
Personal name Kun, Mony
9 (RLIN) 87031
245 ## - TITLE STATEMENT
Title (KHMER) Kakey /
Statement of responsibility, etc Mony Kun
260 ## - PUBLICATION, DISTRIBUTION, ETC. (IMPRINT)
Place of publication, distribution, etc Cambodia
Name of publisher, distributor, etc Book World
Date of publication, distribution, etc 2010
300 ## - PHYSICAL DESCRIPTION
Extent 19 p.
Other physical details col. ill.
Dimensions 25 cm.
942 ## - ADDED ENTRY ELEMENTS (KOHA)
Source of classification or shelving scheme
Koha item type Book
Holdings
Withdrawn status Lost status Source of classification or shelving scheme Damaged status Not for loan Collection code Home library Current library Shelving location Date acquired Total Checkouts Full call number Barcode Date last seen Price effective from Koha item type
          Siem Riep Asian Hope Siem Reap Asian Hope Siem Reap SECONDARY 12/12/2025   KHMER J FIC KUN 209582 12/12/2025 12/12/2025 Book

For any Logos Library related questions please contact Miss Art at swongnarasuk@asianhope.org.

For any Asian Hope Library related questions please contact Miss Raza at graza@asianhope.org.

Powered by Koha